| 000 | 01278nam0a2200277 i 4500 | ||
|---|---|---|---|
| 001 | RU\NLR\bibl\2029793 | ||
| 005 | 20241103090637.0 | ||
| 021 |
_aRU _b2013-28049 _91932 |
||
| 035 | _a(NLR Aleph) 002017674 | ||
| 090 |
_a4489312 _c4489312 |
||
| 100 | _a20130506d2010 u y0rusy50 ca | ||
| 101 | 0 | _arus | |
| 102 | _aRU | ||
| 105 | _aa ||||||||| | ||
| 200 | 1 |
_aТиповой расчет по численным методам _eучебное пособие _fО.С. Микк _gпод ред. Т.М. Фетисовой _gМ-во образования и науки Рос. Федерации, Федер. агентство по образованию, Юж.-Урал. гос. ун-т, Фил. в г. Златоусте, Каф. математики и вычисл. техники |
|
| 210 |
_aЧелябинск _cЮУрГУ _d2010 |
||
| 215 |
_a95, [1] с. _cил. _d20 |
||
| 320 | _aБиблиогр.: с. 95 (12 назв.) | ||
| 606 |
_aЧисленный анализ _jУчебные издания для высших учебных заведений _9925112 _3RU\NLR\auth\6621023 |
||
| 686 | _aВ192.1я73-1 | ||
| 700 | 1 |
_aМикк _bО. С. _4070 |
|
| 801 | 0 |
_aRU _bNLR _c20130506 _gRCR |
|
| 801 | 1 |
_aRU _bNLR _c20130506 |
|
| 942 | _cBOOK | ||
| 980 | _aNBR | ||